According to Netflix: TV Crime Quiz Stats

 Plays Quiz Updated May 10, 2016

Score 0/24 Timer 08:00
4 Plays Today
% Correct
Breaking Bad
93.7%
Hawaii Five-0
93.7%
Bones
93.3%
Sherlock
92.6%
Dexter
92.6%
Prison Break
91.7%
Weeds
91.6%
Sons of Anarchy
90.6%
Beauty and the Beast
90.4%
Criminal Minds
89.1%
Murder, She Wrote
88.7%
Law & Order: Special Victims Unit
88%
% Correct
Nikita
86%
Lie to Me
85.6%
The Glades
82.8%
Blue Bloods
82.6%
Numb3rs
81.1%
Burn Notice
77.9%
The Bletchley Circle
73.3%
Columbo
73%
The Blacklist
71.1%
NCIS
70.7%
Damages
70.5%
Luther
64.9%

You're not logged in!

Compare scores with friends on all Sporcle quizzes.
OR
Log In

Show Comments

Extras

Top Quizzes Today


Score Distribution

Your Account Isn't Verified!

In order to create a playlist on Sporcle, you need to verify the email address you used during registration. Go to your Sporcle Settings to finish the process.

Report this User

Report this user for behavior that violates our Community Guidelines.

Details: